[Event "Politiken Cup"]
[Site "Copenhagen DEN"]
[Date "2005.07.17"]
[Round "2"]
[White "Hansen,Cu"]
[Black "Holst,C"]
[Result "1-0"]
[WhiteElo "2613"]
[BlackElo "2160"]

1.d4 Nf6 2.c4 g6 3.Nc3 Bg7 4.e4 d6 5.Nf3 O-O 6.Be2 e5 7.d5 Na6 8.O-O Nc5
9.Qc2 a5 10.Bg5 h6 11.Be3 Qe7 12.Nd2 Nfd7 13.b3 c6 14.a3 f5 15.exf5 gxf5
16.b4 axb4 17.axb4 Rxa1 18.Rxa1 Na6 19.c5 Nxb4 20.Qb3 Nxd5 21.Nxd5 cxd5 22.Qxd5+ Kh8
23.cxd6 Qd8 24.Nc4 f4 25.Bd2 e4 26.Ra8 e3 27.fxe3 Nb6 28.Nxb6 Qxb6 29.Qb5 Qxb5
30.Bxb5 fxe3 31.Bxe3 Kh7 32.d7 Bxd7 33.Rxf8 Bxb5 34.Rf7  1-0

[Event "Maccabiah GM"]
[Site "Jerusalem ISR"]
[Date "2005.07.17"]
[Round "6"]
[White "Zilberman,Y"]
[Black "Porat,S"]
[Result "1-0"]
[WhiteElo "2442"]
[BlackElo "2416"]

1.d4 Nf6 2.c4 g6 3.Nc3 Bg7 4.e4 d6 5.Be2 O-O 6.Nf3 e5 7.dxe5 dxe5 8.Qxd8 Rxd8
9.Bg5 Re8 10.O-O-O Na6 11.Ne1 Nc5 12.f3 Ne6 13.Be3 c6 14.Nc2 Nf4 15.Bf1 Bf8
16.Rd2 Be6 17.g3 Nh3 18.b3 h5 19.Be2 h4 20.f4 exf4 21.gxf4 Ng4 22.Bxg4 Bxg4
23.Rf1 Red8 24.Rg2 f5 25.e5 Rd3 26.Ne4 Be7 27.c5 Kh7 28.Nd6 b6 29.Rd2 Rxd2
30.Kxd2 g5 31.fxg5 f4 32.Bd4 Bxg5 33.Ne4 f3+ 34.Kc3 Kg6 35.Ne1 Rf8 36.cxb6 axb6
37.Bxb6 f2 38.Nd3 Be2 39.Rxf2 Nxf2 40.Nexf2 Rf3 41.Kc2 h3 42.Ne1 Rf5 43.Nxh3 Bh4
44.Ng2 Bg5 45.Nxg5 Kxg5 46.Bd4 Bf3 47.Ne3 Be4+ 48.Kc3 Rf2 49.a4 Rxh2 50.a5 Ra2
51.b4 Kg6 52.Kb3 Rd2 53.Bb6 Rd3+ 54.Kc4 Ra3 55.Kd4 Bd3 56.Kc5 Bb5 57.Kd6 Rd3+
58.Kc7 Kf7 59.Nc2 Ke7 60.Nd4 Ke8 61.Nxb5 cxb5 62.a6 Ra3 63.a7  1-0

[Event "inAUTOmarket Open"]
[Site "Minsk BLR"]
[Date "2005.07.17"]
[Round "8"]
[White "Lushenkov,M"]
[Black "Lutsko,I"]
[Result "1/2-1/2"]
[WhiteElo "2362"]
[BlackElo "2487"]

1.Nf3 Nf6 2.c4 g6 3.Nc3 Bg7 4.e4 d6 5.d4 O-O 6.Be2 Na6 7.O-O e5 8.Be3 c6
9.d5 Ng4 10.Bg5 f6 11.Bh4 c5 12.Nd2 Nh6 13.a3 Qe8 14.b4 f5 15.f3 Nf7 16.Bf2 b6
17.Nb3 Bh6 18.bxc5 Nxc5 19.Nxc5 bxc5 20.Qd3 Qe7 21.Rab1 Bf4 22.Bd1 Nh6 23.Ba4 a6
24.Bc6 Ra7 25.Rb8 fxe4 26.Nxe4  1/2-1/2

[Event "Open"]
[Site "Ghent BEL"]
[Date "2005.07.18"]
[Round "5"]
[White "Van Wessel,R"]
[Black "Stuemer,P"]
[Result "1-0"]
[WhiteElo "2327"]
[BlackElo "2178"]

1.d4 Nf6 2.Nf3 g6 3.c4 Bg7 4.Nc3 O-O 5.e4 d6 6.Be2 e5 7.O-O exd4 8.Nxd4 Re8
9.f3 Nbd7 10.Nc2 Nh5 11.Nd5 h6 12.g4 Nhf6 13.Be3 Nxd5 14.cxd5 Ne5 15.Nd4 c5
16.dxc6 bxc6 17.f4 c5 18.Nb5 Nxg4 19.Bxg4 Rxe4 20.Bxc8 Rxe3 21.Bb7 Rb8 22.Qxd6 Qxd6
23.Nxd6 Re6 24.Nxf7 Rxb7 25.Nd8 Reb6 26.Nxb7 Rxb7 27.Rab1 Rxb2 28.Rxb2 Bxb2
29.Kf2 Kf7 30.Ke3 Ke6 31.Rb1 Bf6 32.Ke4 Bd8 33.Rb5 Kd6 34.a4 Bc7 35.Rb7 a5
36.h3 Kc6 37.Rb1 Bd8 38.Rg1 g5 39.f5 Bf6 40.Rb1 c4 41.Rb8 c3 42.Kd3 h5 43.Rb5 g4
44.hxg4 hxg4 45.Rxa5 Kb6 46.Rb5+ Ka7 47.Rb4 g3 48.Rg4 Be5 49.Rg6  1-0

[Event "Maccabiah GM"]
[Site "Jerusalem ISR"]
[Date "2005.07.18"]
[Round "7"]
[White "Porat,S"]
[Black "Gershkowich,D"]
[Result "1-0"]
[WhiteElo "2416"]
[BlackElo "2340"]

1.d4 Nf6 2.c4 g6 3.Nc3 Bg7 4.e4 d6 5.Nf3 O-O 6.Be2 e5 7.O-O exd4 8.Nxd4 Re8
9.f3 Nc6 10.Be3 Nh5 11.f4 Nf6 12.Bf3 Bg4 13.Nde2 Bxf3 14.gxf3 Qd7 15.Qd2 Qh3
16.Ng3 h5 17.Rf2 h4 18.Nge2 Nh5 19.Raf1 Kh7 20.Nd5 Rac8 21.f5 Be5 22.Nef4 Nxf4
23.Bxf4 Bd4 24.Be3 Be5 25.Rg2 gxf5 26.f4 Bh8 27.Qe2 Bg7 28.Nf6+  1-0

[Event "LXVIII ch-CRC"]
[Site "San Jose Julio CRC"]
[Date "2005.07.18"]
[Round "13"]
[White "Murillo,Alex"]
[Black "Granados,C"]
[Result "1/2-1/2"]
[WhiteElo "2362"]
[BlackElo "2225"]

1.d4 Nf6 2.c4 g6 3.Nc3 Bg7 4.e4 d6 5.Nf3 O-O 6.Be2 e5 7.d5 a5 8.Bg5 Na6 9.Nd2 Qe8
10.O-O h6  1/2-1/2

[Event "ACT Open"]
[Site "Amsterdam NED"]
[Date "2005.07.19"]
[Round "4"]
[White "De Saegher,C"]
[Black "Spaan,T"]
[Result "0-1"]
[WhiteElo "2187"]
[BlackElo "2284"]

1.d4 Nf6 2.Nf3 g6 3.c4 Bg7 4.Nc3 O-O 5.e4 d6 6.Be2 e5 7.Be3 Ng4 8.Bg5 f6
9.Bh4 Nc6 10.d5 Ne7 11.Nd2 Nh6 12.f3 c5 13.dxc6 bxc6 14.b4 Kh8 15.Nb3 g5
16.Bf2 f5 17.O-O fxe4 18.fxe4 Be6 19.Qd2 Nf7 20.a3 Ng6 21.Na5 Nf4 22.Nxc6 Qd7
23.b5 Bh3 24.g3 Bxf1 25.Bxf1 Nh3+ 26.Bxh3 Qxh3 27.Nd5 Qd7 28.Be3 Nh6 29.Qg2 Ng4
30.Qh3 Rf3 31.Nce7 Re8 32.Bxg5 Qe6 33.Nf5 Rxf5 34.exf5 Qxf5 35.Be7 e4 36.Rf1 Bd4+
37.Kg2 Qg6 38.Qh4 e3 39.Nf4 Qe4+ 40.Kh3 e2 41.Nxe2 Qxe2 42.Rf7 Nf2+ 43.Kg2 Nd1+
44.Kh3 Qe6+ 45.Kg2 Ne3+ 46.Kh1 Qxf7 47.Qxd4+ Kg8  0-1

[Event "ACT Open"]
[Site "Amsterdam NED"]
[Date "2005.07.19"]
[Round "4"]
[White "Beckhuis,G"]
[Black "Doggers,P"]
[Result "1-0"]
[WhiteElo "2324"]
[BlackElo "2249"]

1.d4 Nf6 2.c4 g6 3.Nc3 Bg7 4.e4 d6 5.Nf3 O-O 6.Be2 e5 7.d5 Na6 8.Bg5 h6 9.Bh4 g5
10.Bg3 Nxe4 11.Nxe4 f5 12.Nc3 f4 13.Nd2 Bf5 14.Bg4 Bg6 15.Nde4 Nc5 16.Qe2 Nxe4
17.Nxe4 c6 18.Be6+ Bf7 19.Bxf7+ Rxf7 20.O-O-O Bf8 21.h4 fxg3 22.hxg5 Be7
23.gxh6 gxf2 24.Nxf2 Qd7 25.Ne4 Raf8 26.Rdf1 Rf4 27.g3 Rxf1+ 28.Rxf1 Rxf1+
29.Qxf1 Qg4 30.Qd3 Qh3 31.Kc2 Qxh6 32.Kb3 Kf8 33.a3 Ke8 34.Nc3 Qh3 35.Qg6+ Kd7
36.g4 Qe3 37.Qe6+ Kd8 38.Qg8+ Kd7 39.Qe6+ Kd8 40.Qf5 a6 41.Ka2 Kc7 42.Qe4 Qf2
43.Qh7 Kd8 44.Qg8+ Kc7 45.Qe6 Kd8 46.Ne4 Qd4 47.Nxd6 Bxd6 48.Qxd6+  1-0

[Event "Open A"]
[Site "Chojnice POL"]
[Date "2005.07.19"]
[Round "5"]
[White "Myzyk,J"]
[Black "Siewert,R"]
[Result "1-0"]
[WhiteElo "2203"]
[BlackElo "2063"]

1.d4 Nf6 2.Nf3 g6 3.c4 Bg7 4.Nc3 O-O 5.e4 d6 6.Be2 e5 7.d5 c5 8.O-O Nh5 9.Ne1 Nf4
10.Nd3 g5 11.g3 Ng6 12.Bg4 Bxg4 13.Qxg4 h6 14.Nd1 Nd7 15.Ne3 Nf6 16.Qf3 Qd7
17.Nf5 Kh7 18.Ne1 Rab8 19.Nc2 Ne7 20.Nxe7 Qxe7 21.Ne3 Ng8 22.Qf5+ Kh8 23.Kg2 Qf6
24.Qg4 Qg6 25.Nf5 Nf6 26.Qe2 Ng8 27.h4 g4 28.h5 Qxh5 29.Rh1 Qg6 30.Bd2 h5
31.Rxh5+ Qxh5 32.Rh1  1-0

[Event "Politiken Cup"]
[Site "Copenhagen DEN"]
[Date "2005.07.19"]
[Round "5"]
[White "Marzano,C"]
[Black "Pedersen,Ch"]
[Result "1-0"]
[WhiteElo "2201"]
[BlackElo "2364"]

1.d4 Nf6 2.Nf3 g6 3.c4 Bg7 4.Nc3 O-O 5.e4 d6 6.Be2 e5 7.d5 Na6 8.Bg5 h6 9.Bh4 g5
10.Bg3 Nxe4 11.Nxe4 f5 12.Nfd2 fxe4 13.Nxe4 Bf5 14.Bd3 c6 15.O-O cxd5 16.cxd5 Qb6
17.Qe2 Rac8 18.Rac1 Nc5 19.Nxc5 Rxc5 20.Bxf5 Rxf5 21.Rxc5 Qxc5 22.Qg4 Rf8
23.Qe6+ Kh7 24.h4 Rf6 25.Qe8 Qxd5 26.hxg5 hxg5 27.Qh5+ Bh6 28.Rc1 Qf7 29.Qg4 Qg6
30.Qc8 Rf7 31.Qd8 Bf8 32.Qb8 a6 33.Qe8 Kg8 34.Qd8 Rh7 35.Qc8 Qh6 36.f3 Kh8
37.Rc2 Rf7 38.Rc3 Qh7 39.Rc1 Qd3 40.Bf2 Kg8 41.Qe6 Kg7 42.Qg4 Be7 43.Qb4 Bf6
44.Qa4 Qe2 45.b3 d5 46.Re1 Qd2 47.Qg4 Re7 48.a4 Qf4 49.Qc8 e4 50.fxe4 dxe4
51.Be3 Qg3 52.Re2 Rc7 53.Qf5 Rc3 54.Rf2 Qe5 55.Qxf6+ Qxf6 56.Rxf6 Rxe3 57.Rb6 Rc3
58.Kf2 Rc7 59.Ke3 Re7 60.Rb4 Kf6 61.g4 Rh7 62.Kxe4 Re7+ 63.Kd5 Rd7+ 64.Kc5 Ke5
65.Kb6 Kd5 66.Rc4 Rg7 67.Rc7 Rxc7 68.Kxc7 Ke4 69.Kxb7 a5 70.Ka6 Kf4 71.Kxa5 Kxg4
72.b4 Kf3 73.b5 g4 74.b6 g3 75.b7 g2 76.b8=Q g1=Q  1-0

[Event "Aegean Open"]
[Site "Kirykos GRE"]
[Date "2005.07.19"]
[Round "8"]
[White "Kouvatsos,F"]
[Black "Nikolaou,G"]
[Result "0-1"]
[WhiteElo "2116"]
[BlackElo "2288"]

1.d4 Nf6 2.c4 g6 3.Nc3 Bg7 4.e4 d6 5.Nf3 O-O 6.Be2 Na6 7.O-O e5 8.d5 Nc5
9.Qc2 a5 10.Ne1 b6 11.Be3 Bd7 12.b3 Ne8 13.a3 a4 14.b4 Nb3 15.Rb1 f5 16.f3 Nf6
17.Nb5 fxe4 18.fxe4 Nxe4 19.Rxf8+ Bxf8 20.Bd3 Nf6 21.Bg5 Bxb5 22.cxb5 Nd4
23.Qf2 Be7 24.Nf3 Nxf3+ 25.Qxf3 e4 26.Qh3 exd3 27.Qe6+ Kg7 28.Re1 d2 29.Bxd2 Ng8
30.Bc3+ Bf6 31.Rf1 Bxc3 32.Rf7+ Kh8 33.Qh3 Bd4+ 34.Kh1 Bg7  0-1

[Event "Open A"]
[Site "Chojnice POL"]
[Date "2005.07.20"]
[Round "7"]
[White "Shishkin,Va UKR"]
[Black "Myzyk,J"]
[Result "1-0"]
[WhiteElo "2507"]
[BlackElo "2203"]

1.d4 Nf6 2.c4 g6 3.Nc3 Bg7 4.e4 d6 5.Be2 Nbd7 6.Nf3 e5 7.O-O O-O 8.Be3 c6
9.d5 cxd5 10.cxd5 a6 11.Nd2 b5 12.b4 Nb6 13.a4 bxa4 14.Nxa4 Nxa4 15.Rxa4 Ne8
16.b5 a5 17.Nc4 f5 18.Bd2 Bd7 19.Nxa5 Nf6 20.exf5 gxf5 21.Nc6 Qe8 22.Rxa8 Qxa8
23.Bb4 Ne8 24.Qa1 Qb7 25.Qa6 Qxa6 26.bxa6 Rf7 27.Bh5 Rf8 28.a7 Nf6 29.Nb8  1-0

[Event "Politiken Cup"]
[Site "Copenhagen DEN"]
[Date "2005.07.20"]
[Round "6"]
[White "Hansen,Cu"]
[Black "Tjomsland,S"]
[Result "1-0"]
[WhiteElo "2613"]
[BlackElo "2257"]

1.c4 Nf6 2.Nc3 g6 3.e4 d6 4.d4 Bg7 5.Nf3 O-O 6.Be2 Na6 7.O-O e5 8.Re1 exd4
9.Nxd4 Re8 10.Bf1 Ng4 11.f3 Nxh2 12.Kxh2 Qh4+ 13.Kg1 Be5 14.f4 Bxd4+ 15.Qxd4 Qxe1
16.Nd5 Re6 17.b4 Qh4 18.Bb2 f6 19.Qc3 Bd7 20.g3 Qh6 21.Nxf6+ Rxf6 22.Qxf6 Rf8
23.Qd4 g5 24.c5 d5 25.exd5 gxf4 26.Bc4 Kf7 27.Re1 Rg8 28.d6+  1-0

[Event "ACT Open"]
[Site "Amsterdam NED"]
[Date "2005.07.21"]
[Round "6"]
[White "Visser,HJ"]
[Black "Doggers,P"]
[Result "1/2-1/2"]
[WhiteElo "2221"]
[BlackElo "2249"]

1.d4 Nf6 2.c4 g6 3.Nc3 Bg7 4.e4 d6 5.Be2 O-O 6.Nf3 e5 7.O-O Na6 8.Rb1 Qe8
9.dxe5 dxe5 10.b4 c6 11.Ba3 b6 12.Qd6 Bb7 13.b5 cxb5 14.cxb5 Nc5 15.Bxc5 bxc5
16.Qxc5 Nxe4 17.Nxe4 Bxe4 18.Rb4 Bf5 19.Bc4 Qc8 20.Qe3 Be6 21.Rc1 Bxc4 22.Rbxc4 Qf5
23.h3 Rfd8 24.a4 Rd3 25.Rc8+ Rxc8 26.Rxc8+ Qxc8 27.Qxd3 h6 28.Nd2 Qc1+ 29.Nf1 Qa1
30.Qc4 Bf6 31.g3 Kg7 32.Kg2 h5 33.h4 Be7 34.Nd2 Qa3 35.Ne4 f5 36.Nc3 e4 37.Qe6 Bc5
38.Qe5+ Kh7 39.Qc7+ Kh6 40.Qf4+ Kg7 41.Nd5 Bd6 42.Qd2 Qf3+ 43.Kh2  1/2-1/2

[Event "Politiken Cup"]
[Site "Copenhagen DEN"]
[Date "2005.07.21"]
[Round "7"]
[White "Johansen,J"]
[Black "Martinez de Miguel,P"]
[Result "0-1"]
[WhiteElo "1982"]
[BlackElo "2101"]

1.d4 Nf6 2.c4 g6 3.Nc3 Bg7 4.e4 O-O 5.Nf3 d6 6.Be2 e5 7.d5 Nbd7 8.O-O Nc5
9.Qc2 a5 10.Be3 Ne8 11.a3 f5 12.b4 Na6 13.Rac1 axb4 14.axb4 f4 15.Bd2 g5
16.Qb3 g4 17.Ne1 Qh4 18.Nb5 Rf6 19.h3 f3 20.Bxf3 gxf3 21.Nxf3 Qxe4 22.Rce1 Qg6
23.Re3 Bh6 24.Nh4 Qh5 25.Rg3+ Kh8 26.Bxh6 Qxh6 27.Nf3 Rg6 28.Qc3 Bd7 29.Na3 Nf6
30.Nd2 Rag8 31.Nc2 Nh5 32.Rxg6 Qxg6 33.Ne1 Nf4 34.Kh1 c6 35.Ndf3 Qg7 36.dxc6 bxc6
37.c5 e4 38.Nd4 Ne6 39.Qc4 Qxd4 40.Qxa6 dxc5  0-1

[Event "Iranian Super League"]
[Site "Iran IRI"]
[Date "2005.07.21"]
[Round "6"]
[White "Agamaliev,G"]
[Black "Mohajerin,P"]
[Result "1-0"]
[WhiteElo "2512"]
[BlackElo "2334"]

1.Nf3 Nf6 2.c4 g6 3.Nc3 Bg7 4.e4 d6 5.d4 O-O 6.Be2 e5 7.d5 a5 8.Bg5 h6 9.Bh4 Na6
10.Nd2 Qe8 11.a3 Bd7 12.b3 Nxe4 13.Ndxe4 f5 14.Nd2 Nc5 15.b4 Na4 16.Nxa4 Bxa4
17.Qb1 g5 18.Bg3 e4 19.Ra2 Bc3 20.O-O e3 21.Nf3 f4 22.Qd3 Bb3 23.Qxc3 Bxa2
24.fxe3 fxg3 25.hxg3 axb4 26.axb4 b5 27.Ra1 Bxc4 28.Rxa8 Qxa8 29.Bxc4 bxc4
30.Qxc4 Qe8 31.Qxc7 Qxe3+ 32.Kh2 g4 33.Nh4 Qe5 34.Qc2 Rf6 35.Qc8+ Kh7 36.Qd7+ Kh8
37.b5 Qxd5 38.b6 Rf7 39.Qxg4 Rg7 40.Qc8+ Rg8 41.b7 Qb5 42.Qc7 Qe8 43.Qxd6 Kg7
44.Qc7+  1-0

[Event "ITT"]
[Site "Vicente Lopez ARG"]
[Date "2005.07.21"]
[Round "7"]
[White "De Dovitiis,A"]
[Black "Prates,F"]
[Result "1-0"]
[WhiteElo "2345"]
[BlackElo "2265"]

1.d4 Nf6 2.Nf3 g6 3.c4 Bg7 4.Nc3 d6 5.e4 O-O 6.Be2 e5 7.Be3 Ng4 8.Bg5 f6
9.Bh4 Nc6 10.d5 Ne7 11.Nd2 Nh6 12.f3 c5 13.g4 Nf7 14.Qc2 Bd7 15.a3 b6 16.Bd3 Nc8
17.Bf2 Bh6 18.h4 Kg7 19.Nf1 a6 20.b4 Bf4 21.Rg1 Qc7 22.Ne2 h6 23.Be3 Bxe3
24.Nxe3 Ne7 25.Ng3 Rfc8 26.Qb2 b5 27.Ke2 bxc4 28.Bxc4 cxb4 29.axb4 Bb5 30.Rgc1 Qb6
31.h5 Ng5 32.hxg6 Nxg6 33.Ngf5+ Kf8 34.Bxb5 Qxb5+ 35.Kf2 Nf4 36.Rxc8+ Rxc8
37.Kg3 Qd3 38.Rh1 Ne2+ 39.Kf2 Nd4 40.Rd1 Qxd1 41.Nxd1 Rc2+ 42.Qxc2 Nxc2 43.Nxd6 Nxb4
44.Nb7 Nc2 45.Nc3 Nd4 46.d6 Nf7 47.Nd5 a5 48.d7 Nc6 49.Nc5 Nb8 50.Ne6+ Kg8
51.Nxf6+ Kh8 52.d8=Q+ Nxd8 53.Nxd8 a4 54.Nd5 a3 55.Nc3 Kg7 56.Ne6+ Kf6 57.Nc7 Nc6
58.N7b5 Kg5 59.Nxa3 h5 60.gxh5 Kxh5 61.Nc4 Kg5 62.Nd5 Kg6 63.Nde3 Kg5 64.Kg3 Kf6
65.Ng4+ Ke6 66.Ncxe5  1-0

[Event "ACT Open"]
[Site "Amsterdam NED"]
[Date "2005.07.22"]
[Round "7"]
[White "Wunnink,M"]
[Black "Baquero,L"]
[Result "0-1"]
[WhiteElo "2223"]
[BlackElo "2301"]

1.d4 Nf6 2.c4 g6 3.Nc3 Bg7 4.e4 d6 5.Nf3 O-O 6.Be2 e5 7.d5 a5 8.Bg5 h6 9.Bh4 Na6
10.Nd2 Qe8 11.O-O Bd7 12.Kh1 Nh7 13.b3 h5 14.f3 Bh6 15.Bf2 Qe7 16.Qc2 h4
17.Rad1 Kg7 18.c5 Nxc5 19.Bxc5 dxc5 20.Nc4 b5 21.d6 Qe8 22.Nd5 bxc4 23.Nxc7 Qc8
24.Nxa8 Qxa8 25.Qc3 f6 26.Bxc4 Qb7 27.Rf2 Qb6 28.Rc2 Rc8 29.a4 Nf8 30.g3 Bg5
31.Rf2 Ne6 32.f4 hxg3 33.fxg5 gxf2 34.Qh3 fxg5 35.Bxe6 Rh8 36.Qg4 Rh4 37.Qxg5 Qxd6
38.Rf1 Rh5 39.Qd8 Qxe6 40.Rxf2 Rh8 41.Qxa5 Qg4  0-1

[Event "Open A"]
[Site "Chojnice POL"]
[Date "2005.07.22"]
[Round "9"]
[White "Shishkin,Va UKR"]
[Black "Jaroch,P"]
[Result "1-0"]
[WhiteElo "2507"]
[BlackElo "2158"]

1.d4 Nf6 2.c4 g6 3.Nc3 Bg7 4.e4 d6 5.Be2 O-O 6.Nf3 e5 7.Be3 Ng4 8.Bg5 f6
9.Bh4 g5 10.Bg3 Nh6 11.dxe5 fxe5 12.h4 g4 13.Nh2 Be6 14.Nd5 Nc6 15.Nxg4 Nd4
16.Nge3 c6 17.Nc3 a6 18.Bd3 Qe7 19.Ne2 Qf7 20.O-O Qe7 21.Qd2 b5 22.b3 Nf7
23.Nxd4 exd4 24.Nf5 Bxf5 25.exf5 Qd7 26.Rae1 Ne5 27.Bxe5 dxe5 28.g4 Rae8
29.f3 Qd6 30.Be4 c5 31.g5  1-0

[Event "Open A"]
[Site "Pardubice CZE"]
[Date "2005.07.22"]
[Round "1"]
[White "Pick,Step"]
[Black "Neuman,P"]
[Result "0-1"]
[WhiteElo "2240"]
[BlackElo "2428"]

1.Nf3 g6 2.d4 Nf6 3.c4 Bg7 4.Nc3 O-O 5.e4 d6 6.Be2 e5 7.O-O Na6 8.Be3 Ng4
9.Bg5 Qe8 10.dxe5 dxe5 11.h3 h6 12.Bd2 Nf6 13.Be3 Qe7 14.Qc1 Kh7 15.Nd5 Qd8
16.Nxf6+ Qxf6 17.c5 Nb4 18.Qc3 Nc6 19.Rad1 Be6 20.Rd2 a5 21.b3 Rfd8 22.Rfd1 Rxd2
23.Rxd2 Rd8 24.Kf1 a4 25.bxa4 Ra8 26.Qb2 Ra7 27.Kg1 Qe7 28.Ne1 h5 29.Nc2 Bh6
30.Bb5 Bxe3 31.Nxe3 Nd4 32.Nc2 Nf3+  0-1

[Event "Open A"]
[Site "Pardubice CZE"]
[Date "2005.07.22"]
[Round "1"]
[White "Kachar,V"]
[Black "Nemcova,Kat"]
[Result "1-0"]
[WhiteElo "2332"]
[BlackElo "2101"]

1.Nf3 Nf6 2.c4 g6 3.Nc3 Bg7 4.e4 d6 5.d4 O-O 6.Be2 e5 7.Be3 Nc6 8.d5 Ne7
9.Nd2 Ne8 10.c5 f5 11.f3 Kh8 12.O-O Ng8 13.Nc4 Bh6 14.Bf2 Ngf6 15.cxd6 cxd6
16.a4 Nh5 17.g3 Nef6 18.exf5 gxf5 19.f4 Nxf4 20.gxf4 Bxf4 21.Kh1 Ne4 22.Nxe4 fxe4
23.Ra3 Bf5 24.Bg3 Bg6 25.Rg1 Bg5 26.Bh5 Rc8 27.Bxg6 hxg6 28.Qe2 e3 29.Nxe3 Rc7
30.Qg4 Bf4 31.Ng2 Rc1 32.Nxf4 Rxg1+ 33.Kxg1 exf4 34.Qh4+ Qxh4 35.Bxh4 Rf5
36.Rd3 g5 37.Bf2 a6 38.Bb6  1-0

[Event "Open A"]
[Site "Pardubice CZE"]
[Date "2005.07.22"]
[Round "1"]
[White "Zubarev,Al1"]
[Black "Rykalin,A"]
[Result "1-0"]
[WhiteElo "2521"]
[BlackElo "2315"]

1.d4 Nf6 2.Nf3 g6 3.c4 Bg7 4.Nc3 O-O 5.e4 d6 6.Be2 e5 7.Be3 Nc6 8.d5 Ne7
9.Nd2 Ne8 10.g4 a5 11.h4 f5 12.f3 fxg4 13.fxg4 c6 14.g5 b5 15.dxc6 b4 16.Nd5 Nxc6
17.h5 Nd4 18.hxg6 hxg6 19.Bh5 Nc7 20.Bxg6 Nxd5 21.cxd5 Qb6 22.Nc4 Qa6 23.Bh7+ Kf7
24.O-O+ Ke7 25.Rxf8 Bxf8 26.Qf1 Bg4 27.Bxd4 exd4 28.Qf6+ Kd7 29.Bf5+ Bxf5
30.Qxf5+ Ke8 31.Qg6+  1-0

[Event "Open A"]
[Site "Pardubice CZE"]
[Date "2005.07.23"]
[Round "2"]
[White "Frolik,M"]
[Black "Kabanov,N"]
[Result "1/2-1/2"]
[WhiteElo "2312"]
[BlackElo "2508"]

1.d4 Nf6 2.c4 g6 3.Nc3 Bg7 4.e4 O-O 5.Nf3 d6 6.Be2 Nbd7 7.O-O e5 8.Be3 exd4
9.Nxd4 Re8 10.f3 c6 11.Qd2 Qe7 12.Bg5 Qe5 13.Rad1 Nb6 14.Kh1 Bd7 15.Nb3 d5
16.f4 Qc7 17.c5 Nc4 18.Bxc4 dxc4 19.Bxf6 Bxf6 20.Qxd7 Qxd7 21.Rxd7 Bxc3 22.bxc3 cxb3
23.axb3 Rxe4 24.Rxb7 Rd8 25.Rxa7 Rxf4 26.Raa1 Rxf1+ 27.Rxf1 Rd2 28.h3 Rc2
29.Rf3 f5 30.b4 Kf7 31.Rd3 Ke7 32.Rd6 Rxc3 33.Rxc6 Kd7 34.b5 g5 35.Kg1 Rc2
36.Kf1 h5 37.Rg6 Rxc5 38.Rxg5 Rxb5 39.Rxh5 Ke6 40.Kf2 Kf6 41.Rh8 Rb3 42.Re8 Kg5
43.g3 Ra3 44.Re3 Ra1 45.Rb3 Ra4 46.Kf3 Rc4 47.h4+ Kg6 48.Rb6+ Kg7 49.h5 Ra4
50.h6+ Kh7 51.Rf6 Rb4 52.Rxf5 Kxh6 53.Rf4 Rb5 54.Ra4  1/2-1/2

[Event "MTO Open"]
[Site "Biel SUI"]
[Date "2005.07.24"]
[Round "6"]
[White "Huss,A"]
[Black "Roiz,M"]
[Result "1/2-1/2"]
[WhiteElo "2329"]
[BlackElo "2593"]

1.d4 Nf6 2.Nf3 g6 3.c4 Bg7 4.Nc3 O-O 5.e4 d6 6.Be2 Na6 7.O-O e5 8.d5 Nc5
9.Qc2 a5 10.Bg5 h6 11.Be3 Qe7 12.Nd2 Bd7 13.b3 h5 14.Bg5 Qe8 15.Nb5 Na6 16.Qc3 Nh7
17.Be3 f5 18.f3 b6 19.a3 f4 20.Bf2 g5 21.b4 a4 22.Kh1 g4 23.Rfe1 Rf6 24.Qd3 Ng5
25.Nxc7 Nxc7 26.Bxb6 gxf3 27.Bxf3 Qb8 28.Bxc7 Qxc7 29.c5 dxc5 30.bxc5 Rb8
31.c6 Be8 32.Rab1  1/2-1/2

[Event "Open A"]
[Site "Pardubice CZE"]
[Date "2005.07.24"]
[Round "3"]
[White "Iskusnyh,S"]
[Black "Cabezas Ayala,I"]
[Result "1/2-1/2"]
[WhiteElo "2472"]
[BlackElo "2348"]

1.d4 Nf6 2.c4 d6 3.Nf3 g6 4.Nc3 Bg7 5.e4 O-O 6.Be2 e5 7.Be3 Nbd7 8.O-O c6
9.Qc2 Qe7 10.d5 c5 11.Nd2 Ne8 12.Rab1 f5 13.f3 Rf7 14.Kh1 Ndf6 15.exf5 gxf5
16.Rbe1 Bd7 17.Bg5 Qf8 18.Bd3 Bh6 19.Bxh6 Qxh6 20.g3 Ng7 21.Rg1 Kh8 22.Nf1 Nfh5
23.Qd2 Qf6 24.Be2 Rg8 25.Bd1 Qg6 26.f4 e4 27.Ne3 Nf6 28.Rg2 h5 29.h4 Rb8
30.a3 Nfe8 31.b4 b6 32.Qb2 Qf6 33.Rd2 Rc8 34.b5 Nc7 35.a4 a5 36.bxa6 Ra8
37.Nb5 Nxa6 38.Qxf6 Rxf6 39.Bb3 Nb4 40.Ra1 Ne8 41.Kh2 Kg7 42.Rdd1 Ra5 43.Nc3 Rf7
44.Rdb1 Nc7 45.Nb5 Ne8 46.Nc3 Nc7 47.Nb5 Ne8 48.Nc3 Nc7  1/2-1/2

[Event "Open A"]
[Site "Pardubice CZE"]
[Date "2005.07.24"]
[Round "3"]
[White "Tunik,G"]
[Black "Zaitsev,Va"]
[Result "1/2-1/2"]
[WhiteElo "2446"]
[BlackElo "2370"]

1.d4 Nf6 2.c4 g6 3.Nc3 Bg7 4.e4 O-O 5.Nf3 d6 6.Be2 e5 7.Be3 Nbd7 8.O-O exd4
9.Nxd4 Re8 10.f3 c6 11.Qd2 d5 12.exd5 cxd5 13.Rad1 a6 14.cxd5 Nb6 15.Nc2 Bf5
16.Bd4 Bxc2 17.Qxc2 Nbxd5 18.Qb3 Nxc3 19.Bxc3 Qc7 20.Qc4 Qe7 21.Rfe1 b5 22.Qh4 Rad8
23.Bf1 Qc5+ 24.Qf2 Qc6 25.Rxe8+ Rxe8 26.Qd2 Nh5 27.Qd6 Qc8 28.Qd7 Bxc3 29.bxc3 Nf4
30.Qxc8 Rxc8 31.Rd6 Rxc3 32.Rxa6 b4 33.Rb6 Nd5 34.Rd6 Ne3 35.Kf2 Nxf1 36.Kxf1 Rc2
37.Rb6 Rb2 38.h4 h5  1/2-1/2

[Event "MTO Open"]
[Site "Biel SUI"]
[Date "2005.07.25"]
[Round "7"]
[White "Golod,V"]
[Black "Pavlovic,Mi"]
[Result "1/2-1/2"]
[WhiteElo "2582"]
[BlackElo "2471"]

1.d4 Nf6 2.c4 g6 3.Nc3 Bg7 4.e4 d6 5.Nf3 O-O 6.Be2 e5 7.d5 a5 8.Bg5 h6 9.Bh4 Na6
10.Nd2 Bd7 11.a3 Qe8 12.b3 Nh7 13.O-O Bf6 14.Bxf6 Nxf6 15.Rb1 Qe7 16.b4 axb4
17.axb4 c5 18.dxc6 bxc6 19.Rb2 Rfb8 20.Qb1 Nc7 21.Rd1 Ne6 22.Bf1 h5 23.b5  1/2-1/2

[Event "Open A"]
[Site "Pardubice CZE"]
[Date "2005.07.25"]
[Round "4"]
[White "Bartos,J"]
[Black "Baeumler,I"]
[Result "1/2-1/2"]
[WhiteElo "2289"]
[BlackElo "2185"]

1.d4 Nf6 2.c4 g6 3.Nc3 Bg7 4.e4 d6 5.Nf3 O-O 6.Be2 e5 7.dxe5 dxe5 8.Qxd8 Rxd8
9.Bg5 Re8 10.Nd5 Nxd5 11.cxd5 c6 12.Bc4 cxd5 13.Bxd5 Nd7 14.Nd2 Nc5 15.O-O-O Be6
16.Bxe6 Rxe6 17.Kb1 Rc6 18.Be3 Rac8 19.Bxc5 Rxc5 20.Nb3 Rc4 21.Rc1 Bh6 22.Rxc4 Rxc4
23.f3 b6 24.Rd1 a5 25.Na1 Kf8 26.b3 Rc5 27.Nc2 Ke7 28.Kb2 Bg5 29.a3 h5 30.b4 axb4
31.Nxb4 Ke6 32.Nd5 f5 33.Kb3 fxe4 34.fxe4 h4 35.a4 Bf4 36.g3 hxg3 37.hxg3 Bxg3
38.Rg1 Bf2 39.Rxg6+ Kd7 40.Nxb6+ Kc7 41.Nc4 Bd4 42.Kb4 Rc6 43.Rxc6+ Kxc6
44.Na5+ Kb6 45.Nb3 Bb2 46.a5+ Kc6 47.Kc4 Ba3 48.Na1 Bb2 49.Nc2 Bc1 50.Nb4+ Kb7
51.Kb5 Be3 52.Nc6 Bf4 53.Nb4 Be3 54.a6+ Ka8 55.Nc6 Bf4 56.Kb6 Be3+ 57.Kc7 Bb6+
58.Kd6 Bd4 59.Nxe5 Bf2 60.Nc6 Bg3+ 61.Kd5 Bd6 62.a7 Bh2 63.Kc5 Bg3 64.Kb6 Bf2+
65.Ka6 Bd4 66.Kb5 Bb2 67.Kb6 Bd4+ 68.Ka6 Bc3 69.Nd8 Bd4 70.Nb7 Bxa7 71.e5 Bd4
72.e6 Bf6 73.Kb6 Kb8 74.Nd6 Bh4 75.Kc6 Bg5 76.Kd7 Bh4 77.Ne8 Bg5 78.Ng7 Kb7
79.Nf5 Kb8 80.Nh6 Bh4 81.Ng8 Kb7 82.Ke8 Kc7 83.Kf7 Bd8 84.Ne7 Kd6 85.Nf5+ Ke5
86.Ng7 Bh4 87.Ke8 Kf6 88.Kf8 Ke5 89.Kf7 Bg5 90.e7  1/2-1/2

[Event "MTO Open"]
[Site "Biel SUI"]
[Date "2005.07.26"]
[Round "8"]
[White "Hassler,F"]
[Black "Nemet,I"]
[Result "0-1"]
[WhiteElo "2194"]
[BlackElo "2353"]

1.c4 Nf6 2.Nc3 g6 3.e4 d6 4.d4 Bg7 5.Nf3 O-O 6.Be2 e5 7.Be3 Ng4 8.Bg5 f6
9.Bh4 Nc6 10.d5 Ne7 11.O-O Nh6 12.b4 g5 13.Bg3 Ng6 14.Nd2 Nf4 15.c5 a5 16.cxd6 cxd6
17.b5 f5 18.f3 Bd7 19.Rc1 g4 20.fxg4 Nxe2+ 21.Qxe2 f4 22.Bf2 Nxg4 23.Nc4 Qg5
24.Bb6 f3 25.Qd2 Qxd2 26.Nxd2 Bh6 27.Nxf3 Rfc8 28.h3 Ne3 29.Rfe1 Nc4 30.Bf2 Bxc1
31.Rxc1 Na3 32.b6 a4 33.Kf1 Nb5 34.Ne2 Rxc1+ 35.Nxc1 Rc8 36.Be3 Nc3 37.Ng5 Rc4
38.Ke1 h6 39.Ne6 Rxe4 40.Kd2 Nxd5  0-1

[Event "Open A"]
[Site "Pardubice CZE"]
[Date "2005.07.26"]
[Round "5"]
[White "Ananchenko,I"]
[Black "Nemcova,Kat"]
[Result "1/2-1/2"]
[WhiteElo "2274"]
[BlackElo "2101"]

1.d4 Nf6 2.c4 g6 3.Nc3 Bg7 4.e4 d6 5.Be2 O-O 6.Nf3 e5 7.d5 Nbd7 8.O-O Ne8
9.Ne1 f5 10.exf5 gxf5 11.f4 Ndf6 12.Nf3 e4 13.Nd4 c5 14.dxc6 bxc6 15.Be3 Bd7
16.b4 Nc7 17.Qb3 Kh8 18.Rfd1 Qe7 19.Rac1 Rab8 20.a3 Nfe8 21.Qc2 Ne6 22.Nb3 Rg8
23.Kh1 Bh6 24.Qd2 Qh4 25.Rf1 Rg6 26.Nd4 Nxd4 27.Bxd4+ Bg7 28.Bxg7+ Nxg7 29.Nd1 Rh6
30.h3 Rg8 31.Qd4 Be8 32.Rc3 Bh5 33.Bxh5 Qxh5 34.Rg3 Qf7 35.Ne3 Rf6 36.Rd1 Nh5
37.Rg5 Ng7 38.b5 h6 39.Rg3 Kh7 40.bxc6 Ne6 41.Qxd6 Rxg3 42.Qe5 Rg7 43.Rd6 h5  1/2-1/2

[Event "Open A"]
[Site "Pardubice CZE"]
[Date "2005.07.26"]
[Round "5"]
[White "Chasovnikova,E"]
[Black "Zude,E"]
[Result "1/2-1/2"]
[WhiteElo "2299"]
[BlackElo "2424"]

1.d4 Nf6 2.Nf3 g6 3.c4 Bg7 4.Nc3 O-O 5.e4 d6 6.Be2 Na6 7.O-O e5 8.Re1 Qe8
9.Bf1 Bg4 10.d5 h6 11.h3 Bc8 12.a3 Nh7 13.b4 f5 14.c5 f4 15.Nd2 Rf7 16.a4 Bf8
17.Ba3 dxc5 18.Bxa6 cxb4 19.Bb5 Qd8 20.d6 bxc3 21.Nf3 Qf6 22.Be8 Rg7 23.d7 Bxd7
24.Bxd7 Bxa3 25.Rxa3 c2 26.Qd5+ Kh8 27.Qxb7 Rd8 28.Bc6 Rd1 29.Ra1 Qd6 30.Kh2 Ng5
31.Bd5 Nxf3+ 32.gxf3 Qc5 33.Kg2 Rxe1 34.Rxe1 c1=Q 35.Rxc1 Qxc1 36.Qxa7 Kh7
37.Qa8 Qc5 38.a5 c6 39.Bxc6 Rg8 40.Qb7+ Rg7 41.Qa8 Rg8 42.Qb7+ Rg7 43.Qa8  1/2-1/2